000 00584nam a2200181Ia 4500
005 20250508162004.0
008 008 250505s9999 xx 000 0 eng d
037 _aTextual
040 _aFEDL
_beng
_cFEDL
041 _aeng
_2eng
084 _a378.73, CAR
_qFEDL
245 0 _aStates and higher education : A proud past and vital future
245 2 _cA Commentary of the Carnegie Foundation for the Advancement of Teaching
260 _aSan Francisco
_bJosey - Bass Publishers
_c1976
300 _a94p.
942 _cTEXL
_h378.73, CAR
999 _c1373679
_d1373679